<?xml version="1.0" encoding="UTF-8"?>
<record
    xmlns:xsi="http://www.w3.org/2001/XMLSchema-instance"
    xsi:schemaLocation="http://www.loc.gov/MARC21/slim http://www.loc.gov/standards/marcxml/schema/MARC21slim.xsd"
    xmlns="http://www.loc.gov/MARC21/slim">

  <leader>01947njm0a2200397   4500</leader>
  <controlfield tag="001">RU\NLR\ONIZ\223824</controlfield>
  <controlfield tag="005">20250708192844.0</controlfield>
  <datafield tag="035" ind1=" " ind2=" ">
    <subfield code="a">(NLR Aleph) 011762631</subfield>
  </datafield>
  <datafield tag="035" ind1=" " ind2=" ">
    <subfield code="a">RU\NLR\ONIZ\GALA\5000033113\20180709145846</subfield>
  </datafield>
  <datafield tag="071" ind1="0" ind2="0">
    <subfield code="a">&#x425;-2-62694, &#x425;-2-62699</subfield>
  </datafield>
  <datafield tag="090" ind1=" " ind2=" ">
    <subfield code="a">13283656</subfield>
    <subfield code="c">13283656</subfield>
  </datafield>
  <datafield tag="100" ind1=" " ind2=" ">
    <subfield code="a">20180709f19001999|||y0rusy50      ca</subfield>
  </datafield>
  <datafield tag="102" ind1=" " ind2=" ">
    <subfield code="a">RU</subfield>
  </datafield>
  <datafield tag="126" ind1=" " ind2=" ">
    <subfield code="a">aduxdxu      ux</subfield>
    <subfield code="b">xxx</subfield>
  </datafield>
  <datafield tag="127" ind1=" " ind2=" ">
    <subfield code="a">000010</subfield>
  </datafield>
  <datafield tag="135" ind1=" " ind2=" ">
    <subfield code="a">honoannnanndn</subfield>
  </datafield>
  <datafield tag="200" ind1="1" ind2=" ">
    <subfield code="a">&#x88;[&#x89;&#x41F;&#x43E;&#x435;&#x442;] &#x410;. &#x414;. &#x41A;&#x43E;&#x448;&#x435;&#x432;&#x441;&#x43A;&#x438;&#x439;, &#x430;&#x440;&#x442;. &#x420;&#x443;&#x441;&#x441;&#x43A;&#x43E;&#x439; &#x43E;&#x43F;&#x435;&#x440;&#x435;&#x442;&#x442;&#x44B;</subfield>
    <subfield code="b">&#x417;&#x432;&#x443;&#x43A;&#x43E;&#x437;&#x430;&#x43F;&#x438;&#x441;&#x44C;</subfield>
  </datafield>
  <datafield tag="210" ind1=" " ind2=" ">
    <subfield code="a">&#x420;&#x438;&#x433;&#x430;</subfield>
    <subfield code="c">Zonophone record</subfield>
    <subfield code="d">[19--]</subfield>
  </datafield>
  <datafield tag="215" ind1=" " ind2=" ">
    <subfield code="a">1 &#x433;&#x440;&#x43F;. (10 &#x43C;&#x438;&#x43D;): 78 &#x43E;&#x431;/ &#x43C;&#x438;&#x43D;, &#x43C;&#x43E;&#x43D;&#x43E;; 25 &#x441;&#x43C;, &#x432; &#x43A;&#x43E;&#x43D;&#x432;.</subfield>
  </datafield>
  <datafield tag="300" ind1=" " ind2=" ">
    <subfield code="a">&#x410;&#x440;&#x445;&#x438;&#x432;&#x43D;&#x44B;&#x435; &#x437;&#x430;&#x43F;&#x438;&#x441;&#x438; &#x43E;&#x43A;&#x43E;&#x43B;&#x43E; 1913 &#x433;., &#x41C;&#x43E;&#x441;&#x43A;&#x432;&#x430;</subfield>
  </datafield>
  <datafield tag="327" ind1="1" ind2=" ">
    <subfield code="a">1. &#x411;&#x430;&#x43D;&#x430;&#x43B;&#x44C;&#x43D;&#x43E;, &#x43E;&#x440;&#x438;&#x433;&#x438;&#x43D;&#x430;&#x43B;&#x44C;&#x43D;&#x43E; : (&#x43A;&#x443;&#x43F;&#x43B;&#x435;&#x442;&#x44B;) / &#x441;&#x43E;&#x43F;&#x440;&#x43E;&#x432;&#x43E;&#x436;&#x434;.: &#x43E;&#x440;&#x43A;..</subfield>
    <subfield code="a">2. &#x41F;&#x43E; &#x44F;&#x43F;&#x43E;&#x43D;&#x441;&#x43A;&#x438; &#x438; &#x43F;&#x43E; &#x440;&#x443;&#x441;&#x441;&#x43A;&#x438; / &#x430;&#x432;&#x442;&#x43E;&#x440; &#x412;. &#x41F;&#x43B;&#x430;&#x442;&#x43E;&#x43D;&#x43E;&#x432; ; &#x441;&#x43E;&#x43F;&#x440;&#x43E;&#x432;&#x43E;&#x436;&#x434;. : &#x43E;&#x440;&#x43A;.</subfield>
  </datafield>
  <datafield tag="464" ind1=" " ind2="0">
    <subfield code="1">2001#$a&#x411;&#x430;&#x43D;&#x430;&#x43B;&#x44C;&#x43D;&#x43E;, &#x43E;&#x440;&#x438;&#x433;&#x438;&#x43D;&#x430;&#x43B;&#x44C;&#x43D;&#x43E;$e(&#x43A;&#x443;&#x43F;&#x43B;&#x435;&#x442;&#x44B;)$g&#x441;&#x43E;&#x43F;&#x440;&#x43E;&#x432;&#x43E;&#x436;&#x434;.: &#x43E;&#x440;&#x43A;.</subfield>
    <subfield code="t">&#x411;&#x430;&#x43D;&#x430;&#x43B;&#x44C;&#x43D;&#x43E;, &#x43E;&#x440;&#x438;&#x433;&#x438;&#x43D;&#x430;&#x43B;&#x44C;&#x43D;&#x43E;</subfield>
  </datafield>
  <datafield tag="464" ind1=" " ind2="0">
    <subfield code="1">2001#$a&#x41F;&#x43E; &#x44F;&#x43F;&#x43E;&#x43D;&#x441;&#x43A;&#x438; &#x438; &#x43F;&#x43E; &#x440;&#x443;&#x441;&#x441;&#x43A;&#x438;$f&#x430;&#x432;&#x442;&#x43E;&#x440; &#x412;. &#x41F;&#x43B;&#x430;&#x442;&#x43E;&#x43D;&#x43E;&#x432;$g&#x441;&#x43E;&#x43F;&#x440;&#x43E;&#x432;&#x43E;&#x436;&#x434;. : &#x43E;&#x440;&#x43A;.</subfield>
    <subfield code="t">&#x41F;&#x43E; &#x44F;&#x43F;&#x43E;&#x43D;&#x441;&#x43A;&#x438; &#x438; &#x43F;&#x43E; &#x440;&#x443;&#x441;&#x441;&#x43A;&#x438;</subfield>
  </datafield>
  <datafield tag="606" ind1="1" ind2=" ">
    <subfield code="a">&#x410;&#x440;&#x445;&#x438;&#x432;&#x43D;&#x44B;&#x435; &#x437;&#x430;&#x43F;&#x438;&#x441;&#x438; &#x440;&#x43E;&#x441;&#x441;&#x438;&#x439;&#x441;&#x43A;&#x438;&#x445; &#x43F;&#x435;&#x432;&#x446;&#x43E;&#x432;</subfield>
    <subfield code="x">&#x417;&#x432;&#x443;&#x43A;&#x43E;&#x437;&#x430;&#x43F;&#x438;&#x441;&#x44C;</subfield>
    <subfield code="y">&#x420;&#x43E;&#x441;&#x441;&#x438;&#x44F;</subfield>
    <subfield code="z">20 &#x432;. &#x43D;&#x430;&#x447;&#x430;&#x43B;&#x43E;</subfield>
    <subfield code="2">nlr_sh</subfield>
  </datafield>
  <datafield tag="686" ind1=" " ind2=" ">
    <subfield code="a">&#x429;943.4, 8(3)</subfield>
    <subfield code="v">LBC/SL</subfield>
    <subfield code="2">rubbk</subfield>
  </datafield>
  <datafield tag="700" ind1=" " ind2="1">
    <subfield code="9">z01790</subfield>
    <subfield code="a">&#x41A;&#x43E;&#x448;&#x435;&#x432;&#x441;&#x43A;&#x438;&#x439;</subfield>
    <subfield code="b">&#x410;. &#x414;.</subfield>
    <subfield code="f">1873-1931</subfield>
    <subfield code="g">&#x410;&#x43B;&#x435;&#x43A;&#x441;&#x430;&#x43D;&#x434;&#x440; &#x414;&#x43C;&#x438;&#x442;&#x440;&#x438;&#x435;&#x432;&#x438;&#x447;</subfield>
    <subfield code="4">590</subfield>
    <subfield code="7">ca</subfield>
  </datafield>
  <datafield tag="790" ind1=" " ind2="1">
    <subfield code="9">z01700</subfield>
    <subfield code="a">Ko&#x161;ecskij</subfield>
    <subfield code="b">A.</subfield>
    <subfield code="f">1873-1931</subfield>
    <subfield code="g">Alexander</subfield>
    <subfield code="4">590</subfield>
    <subfield code="7">ba</subfield>
  </datafield>
  <datafield tag="801" ind1=" " ind2="0">
    <subfield code="a">RU</subfield>
    <subfield code="b">NLR</subfield>
    <subfield code="c">20180709</subfield>
    <subfield code="g">PSBO</subfield>
  </datafield>
  <datafield tag="801" ind1=" " ind2="1">
    <subfield code="a">RU</subfield>
    <subfield code="b">NLR</subfield>
    <subfield code="c">20180709</subfield>
    <subfield code="2">rusmarc</subfield>
  </datafield>
  <datafield tag="801" ind1=" " ind2="2">
    <subfield code="a">RU</subfield>
    <subfield code="b">NLR</subfield>
    <subfield code="c">20181126</subfield>
  </datafield>
  <datafield tag="852" ind1=" " ind2=" ">
    <subfield code="a">NLR</subfield>
    <subfield code="b">&#x41C;&#x433;</subfield>
    <subfield code="j">2&#x43A;/207</subfield>
    <subfield code="p">6072</subfield>
    <subfield code="t">1</subfield>
  </datafield>
  <datafield tag="942" ind1=" " ind2=" ">
    <subfield code="c">REC</subfield>
  </datafield>
  <datafield tag="980" ind1=" " ind2=" ">
    <subfield code="a">NB</subfield>
  </datafield>
  <datafield tag="980" ind1=" " ind2=" ">
    <subfield code="a">ONIZ</subfield>
  </datafield>
  <datafield tag="995" ind1=" " ind2=" ">
    <subfield code="5">2018-07-09</subfield>
    <subfield code="b">NLR01</subfield>
    <subfield code="c">NLR01</subfield>
    <subfield code="e">ONIZ</subfield>
    <subfield code="k">2&#x43A;/207 2&#x43A;/207</subfield>
    <subfield code="o">0</subfield>
    <subfield code="r">REC</subfield>
    <subfield code="s">2207_2207</subfield>
  </datafield>
</record>
